Movies Quiz

Random Movies Quiz

Packing Heat: Movies Quiz Stats

 Plays Quiz Updated Mar 12, 2012

Also try: Packing Heat: TV
Challenge
Share
Tweet
Score 0/25 Timer 05:00
2 Plays Today
% Correct
Star Wars
96.6%
Men in Black
95.3%
The Mask
89.2%
Saving Private Ryan
71.9%
No Country for Old Men
70%
Beverly Hills Cop
67.9%
The Big Lebowski
66.2%
The Naked Gun
62.1%
Taken
59.3%
Red
55.2%
Wanted
48.1%
Aliens
46.8%
The Professional
44.8%
% Correct
Tombstone
41.6%
Trading Places
37.4%
Planet Terror
37.2%
Point Break
36%
A History of Violence
33.8%
Kick-ass
29.2%
Army of Darkness
28.3%
The Godfather, Part II
27%
Heat
24.1%
Shoot ’Em Up
20%
Dead Man
9.6%
Manhunter
8.7%

You're not logged in!

Compare scores with friends on all Sporcle quizzes.
Join for Free
OR
Log In

You Might Also Like...

Show Comments

Extras

Top Quizzes Today


Score Distribution

Your Account Isn't Verified!

In order to create a playlist on Sporcle, you need to verify the email address you used during registration. Go to your Sporcle Settings to finish the process.

Report this User

Report this user for behavior that violates our Community Guidelines.

Details: